<?xml version="1.0" encoding="UTF-8"?>
<record
    xmlns:xsi="http://www.w3.org/2001/XMLSchema-instance"
    xsi:schemaLocation="http://www.loc.gov/MARC21/slim http://www.loc.gov/standards/marcxml/schema/MARC21slim.xsd"
    xmlns="http://www.loc.gov/MARC21/slim">

  <leader>01548nam a22002177a 4500</leader>
  <controlfield tag="003">OSt</controlfield>
  <controlfield tag="005">20260617103151.0</controlfield>
  <controlfield tag="008">260617b        |||||||| |||| 00| 0 spa d</controlfield>
  <datafield tag="020" ind1=" " ind2=" ">
    <subfield code="a">978-9945-513-28-8</subfield>
  </datafield>
  <datafield tag="040" ind1=" " ind2=" ">
    <subfield code="a">IDEICE</subfield>
    <subfield code="b">spa</subfield>
    <subfield code="c">IDEICE</subfield>
    <subfield code="e">RDA</subfield>
  </datafield>
  <datafield tag="082" ind1=" " ind2=" ">
    <subfield code="a">Ideice 352.34 7293 R426p</subfield>
  </datafield>
  <datafield tag="110" ind1=" " ind2=" ">
    <subfield code="a">Instituto Dominicano de Evaluaci&#xF3;n e Investigaci&#xF3;n de la Calidad Educativa , IDEICE</subfield>
  </datafield>
  <datafield tag="245" ind1=" " ind2=" ">
    <subfield code="a">Plan Estrat&#xE9;gico Institucional (PEI) 2025-2028</subfield>
    <subfield code="c">IDEICE</subfield>
  </datafield>
  <datafield tag="260" ind1=" " ind2=" ">
    <subfield code="a">Santo Domingo, Rep&#xFA;blica Dominicana</subfield>
    <subfield code="b">IDEICE</subfield>
    <subfield code="c">2026</subfield>
  </datafield>
  <datafield tag="300" ind1=" " ind2=" ">
    <subfield code="c">78p.</subfield>
  </datafield>
  <datafield tag="505" ind1=" " ind2=" ">
    <subfield code="a">El Plan Estrat&#xE9;gico Institucional 2025&#x2013;2028 del Instituto Dominicano de Evaluaci&#xF3;n e Investigaci&#xF3;n de la Calidad Educativa (Ideice) define la hoja de ruta que orienta su gesti&#xF3;n para el fortalecimiento del sistema educativo preuniversitario dominicano. El documento establece las prioridades estrat&#xE9;gicas del Instituto, alineadas con el Plan Horizonte de Educaci&#xF3;n 2034, las Metas de Gobierno 2024&#x2013;2028 y los lineamientos nacionales de planificaci&#xF3;n, con el prop&#xF3;sito de fortalecer la toma de decisiones educativas basada en evidencia.</subfield>
  </datafield>
  <datafield tag="650" ind1=" " ind2=" ">
    <subfield code="a">Educaci&#xF3;n -- Rep&#xFA;blica Dominicana, Evaluaci&#xF3;n educativa -- Rep&#xFA;blica Dominicana, Indicadores Educativos, Investigaci&#xF3;n Educativa -- Rep&#xFA;blica Dominicana, Organizaci&#xF3;n y gesti&#xF3;n, Planificaci&#xF3;n Estrat&#xE9;gica, Pol&#xED;tica Educativa -- Rep&#xFA;blica Dominicana.</subfield>
  </datafield>
  <datafield tag="710" ind1=" " ind2=" ">
    <subfield code="a">IDEICE</subfield>
  </datafield>
  <datafield tag="856" ind1=" " ind2=" ">
    <subfield code="u">https://ideice.gob.do/documentacion/publicaciones-id-229-plan-estrat-eacute-gico-institucional-pei-2025-2028</subfield>
  </datafield>
  <datafield tag="942" ind1=" " ind2=" ">
    <subfield code="2">ddc</subfield>
    <subfield code="c">LIB</subfield>
    <subfield code="n">0</subfield>
  </datafield>
  <datafield tag="999" ind1=" " ind2=" ">
    <subfield code="c">14660</subfield>
    <subfield code="d">14660</subfield>
  </datafield>
  <datafield tag="952" ind1=" " ind2=" ">
    <subfield code="0">0</subfield>
    <subfield code="1">0</subfield>
    <subfield code="2">ddc</subfield>
    <subfield code="4">0</subfield>
    <subfield code="7">0</subfield>
    <subfield code="a">RI</subfield>
    <subfield code="b">RI</subfield>
    <subfield code="d">2026-06-17</subfield>
    <subfield code="l">0</subfield>
    <subfield code="r">2026-06-17 10:31:11</subfield>
    <subfield code="u">https://ideice.gob.do/documentacion/publicaciones-id-229-plan-estrat-eacute-gico-institucional-pei-2025-2028</subfield>
    <subfield code="w">2026-06-17</subfield>
    <subfield code="y">LIB</subfield>
  </datafield>
</record>
